000 00459nam a2200169Ia 4500
008 221030s9999 xx 000 0 und d
020 _a8122411967
041 _aEnglish
082 _a105.23
_bKot
100 _aC. P. Kothandaraman
245 0 _aBasic Fluid Mechanics
_cby C. P. Kothandaraman, R. Rudramoorthy
260 _bNew Age International Pub.
_aNew Delhi
_c1999
300 _a509
650 _aMechanical
700 _aR. Rudramoorthy
942 _cBK
999 _c3315
_d3315